| 000 | 00902nac a22002657a 4500 | ||
|---|---|---|---|
| 001 | BR7304425 | ||
| 003 | BR-BrBNA | ||
| 005 | 20240105113523.0 | ||
| 008 | 230509b bl.|||m| |||| 00| 0 por d | ||
| 040 |
_aBR-BrBNA _bpor _cBiblioteca Nacional de Agricultura |
||
| 072 | _aF00 | ||
| 090 | _a0230 BR7304425 | ||
| 100 | 1 | _aZink, F. | |
| 110 | 1 |
_aCoordenacao de Assistencia Tecnica Integral, Campinas, SP (Brasil). Servico de Comunicacao Rural _92936 |
|
| 245 | 1 | _aCultura da cana-de-acucar [Brasil] | |
| 250 | 1 | _a2 ed. | |
| 260 | 3 |
_aCampinas, SP (Brasil): _c1969. |
|
| 300 | _a42 p. | ||
| 490 |
_aBoletim Tecnico - SCR (Brazil) _vno. 3 _x |
||
| 500 | _a11 ref. (*) Documento disponível na(o) Instituto do Acucar e do Alcool, Rio de Janeiro, RJ (Brazil) | ||
| 650 | _aCANA DE ACUCAR | ||
| 650 | _aPRATICA CULTURAL | ||
| 909 |
_a202312 _bLúcia Elande _c55 _dLúcia Elande |
||
| 942 |
_2AGRIS _n0 _cMS |
||
| 999 |
_c264204 _d264204 |
||